Missing Word: Parks and Rec Movies Quiz Stats

Quiz Updated Nov 13, 2015

Challenge
Share
Tweet
Embed
Score 0/20 Timer 02:00
0 Plays Today
Hint Answer % Correct
Chris PrattGalaxy
94%
Amy PoehlerGlory
89.9%
Amy PoehlerAliens
89.6%
Chris PrattZero
89.3%
Rob LoweNight
84.8%
Rob LoweFire
81.9%
Amy PoehlerBaby
78.2%
Amy PoehlerMean
76.6%
Aziz AnsariMinutes
71%
Aziz AnsariGreek
70.6%
Hint Answer % Correct
Chris PrattJurassic
62.5%
Aziz AnsariMan
59.8%
Chris PrattEngagement
51.7%
Chris PrattLego
43.8%
Rob LoweWayne's
43.6%
Aziz AnsariPeople
43.3%
Amy PoehlerInside
38.4%
Aziz AnsariObserve
32.1%
Rob LoweTommy
13.9%
Rob LoweOxford
6.4%

Today's Daily Dose

You're not logged in!

Compare scores with friends on all Sporcle quizzes.
Sign Up with Email
OR
Log In

You Might Also Like...

Show Comments

Extras

Top Quizzes Today


Score Distribution

Your Account Isn't Verified!

In order to create a playlist on Sporcle, you need to verify the email address you used during registration. Go to your Sporcle Settings to finish the process.